Curso de criminología /

-д хадгалсан:
Номзүйн дэлгэрэнгүй
Үндсэн зохиолч: Pérez Pinzón, Alvaro Orlando (autor)
Формат: Ном
Хэл сонгох:испани
Хэвлэсэн: Bogotá, Colombia : Universidad Externado de Colombia, 2001, c2001
Хэвлэл:6a edición
Нөхцлүүд:
Шошгууд: Шошго нэмэх
Шошго байхгүй, Энэхүү баримтыг шошголох эхний хүн болох!

MARC

LEADER 00000nam^a2200000^a^4500
001 000142060
005 20250521000000.0
009 20260310095636.002
020 |a 958-616-517-5 
037 |a Acervo ITESO - Biblioteca 
041 |a ESP 
082 |a 364.  |b PER 
100 |a Pérez Pinzón, Alvaro Orlando  |e (autor) 
245 1 0 |a Curso de criminología /  |c A.O. Pérez Pinzón. 
250 |a 6a edición 
264 4 |a Bogotá, Colombia :  |b Universidad Externado de Colombia,  |c 2001, c2001 
300 |a 285 p. 
336 |a texto  |b txt  |2 rdacontenido 
337 |a sin mediación  |b n  |2 rdamedio 
338 |a volumen  |b nc  |2 rdasoporte 
649 |a XX 
650 |a Delincuentes 
650 |a Delitos 
650 |a Delincuencia 
650 |a Desintegración Social 
650 |a Criminalidad 
650 |a Problemas Sociales 
650 |a Delitos -  |x Prevención 
650 |a Investigación del Delito 
650 |a Responsabilidad Penal 
650 |a Seguridad Pública 
650 |a Psicología Criminal 
650 |a Psicología Social 
650 |a Política Criminológica 
650 |a Criminología 
650 |a Modernidad y Posmodernidad 
650 |a Sociología de la Cultura 
910 |a Fondo General 
920 |a Impresos - Libros 
930 |a Colección General 
905 |a 101 
901 |a 0500070733  |b IT1  |c ACC  |u 20250521 
902 |a https://opac.biblio.iteso.mx/vufind/Record/000142060